Hauptstädte mit 10 Millionen Einwohnern - Sudden Death - Statistiken

Allgemein
  • Dieses Quiz wurde 2.107 mal gespielt
    1.017 seit der letzten Aktualisierung
  • Das Durchschnittsergebnis liegt bei 6 aus 18
Answers on the Grid
Answers color-coded by a green-red scale on the quiz's grid according to % correct below.
Addis Abeba
Ankara
Bagdad
Bangkok
Berlin
Bogotá
Brasília
Buenos Aires
Dhaka
Hanoi
Jakarta
Jaunde
Kabul
Kairo
Kapstadt
Khartum
Kinshasa
Kuala Lumpur
Lima
London
Luanda
Madrid
Manila
Mexiko Stadt
Moskau
Nairobi
Neu Delhi
Paris
Peking
Riad
Santiago
Seoul
Singapur
Teheran
Tokio
Washington D.C.
 
Antwortstatistiken
Antwort % Korrekt
Tokio
61%
Peking
53%
Mexiko Stadt
51%
Bangkok
50%
Moskau
45%
Neu Delhi
39%
Kairo
37%
London
36%
Jakarta
33%
Seoul
31%
Buenos Aires
30%
Manila
25%
Paris
25%
Dhaka
20%
Kinshasa
18%
Bogotá
10%
Teheran
10%
Lima
7%
Keine übereinstimmenden Quizze gefunden
Verteilung der Resultate
Anzahl Personen mit jedem Resultat
Perzentil nach korrekt beantworteten Fragen
Ihre Resultats-Entwicklung
Sie haben dieses Quiz seit der letzten Aktualisierung nicht gespielt